Health and sex tourism / (Record no. 38157)

MARC details
000 -LEADER
fixed length control field 00776nam a22002177a 4500
005 - DATE AND TIME OF LATEST TRANSACTION
control field 20100729122750.0
010 ## - LCCN (DPL NO)
LC control number ENG-97309
020 ## - INTERNATIONAL STANDARD BOOK NUMBER
International Standard Book Number 9788184840469
Terms of availability 980.00
035 ## - SYSTEM CONTROL NUMBER
System control number EN-80842
037 ## - SOURCE OF ACQUISITION
Source of stock number/acquisition DBAD/PUB
082 ## - DEWEY DECIMAL CLASSIFICATION NUMBER
Classification number 362.10959
100 ## - MAIN ENTRY--PERSONAL NAME
Personal name Arun Kumar
245 ## - TITLE STATEMENT
Title Health and sex tourism /
Statement of responsibility, etc by Arun Kumar [and] Kulwant Pathania
260 ## - PUBLICATION, DISTRIBUTION, ETC. (IMPRINT)
Place of publication, distribution, etc New Delhi
Name of publisher, distributor, etc Regal Publications
Date of publication, distribution, etc 2010
270 ## - ADDRESS
Address F-159, Rajouri Garden
City New Delhi
Postal code 110027
300 ## - PHYSICAL DESCRIPTION
Extent 285p.
Dimensions 22cm, (Hb)
500 ## - GENERAL NOTE
General note includes bibliograhy and index
700 ## - ADDED ENTRY--PERSONAL NAME
Personal name Panthania, Kulwant
9 (RLIN) 2343
942 ## - ADDED ENTRY ELEMENTS (KOHA)
Source of classification or shelving scheme Dewey Decimal Classification
Item type English Books
Classification part 362.10959
Call number suffix ARU
Holdings
Withdrawn status Lost status Not for loan Collection code Home library Current library Date acquired Source of acquisition Cost, normal purchase price Full call number Barcode Copy number Cost, replacement price Koha item type
    Not For Loan Non-fiction D.B.Act.Division D.B.Act.Division 29/07/2010 DBAD/PUB 980.00 362.10959 ARU EN-80842 1 980.00 English Books

© Delhi Public Library
Hit Counter
free hit counter